00527 a2200157 4500010001400000020002300014035001300037037001500050082001400065245008300079250001200162260003900174270007400213300003000287500005200317 aENG-89468 a8172298801c495.00 aEN-73001 bDBAD / PUB14a616.0019{1 aHealth psychology:cby David F Marks...[et al]btheory, research and practice/ a2nd ed. aNew DelhibSage Publicationsc2008 aB-1/1-1, Mohan Cooperative Industrial Area,bNew DelhicDelhie110044 axii, 485p.c24 cm ( Pbk.) aIncludes bibliographical references and index